Statistics for Ultimate Disney

Click here to take the quiz!

General Stats

  • This quiz has been taken 69 times
    (45 since last reset)
  • The average score is 11 of 15

Answer Stats

QuestionAnswer% Correct
Who is the main character in The Lion King?Simba
100%
Maleficent is the villain in which 1959 movie?Sleeping Beauty
95%
What movie is "You've got a friend in me" from?Toy Story
93%
Abu is who's best friend?Aladdin
90%
What puppet wants to be a real boy?Pinocchio
90%
Who kills Mufasa?Scar
90%
Who is woody friends with?Buzz
88%
Who is Tramps girl friend in: .... and the trampLady
88%
Who plays the Genie in live action Aladdin?Will Smith
83%
What animal sings "Under the Sea"?Crab
70%
Who sings "Show Your Self"?Elsa
55%
Where did Frozen take place? (Country)Norway
53%
Where did Prince Hans come from?The Southern Isles
38%
Who were the 4 birds in the Jungle Book voiced by?The Beatles
23%
At the end of Frozen 2, who does Olaf describe the film too?Marshmallow and the snowgies
0%

Score Distribution

Percentile by Number Answered

Percent of People with Each Score

Your Score History

You have not taken this quiz since the last reset